[Event "SRB-chT Cup"]
[Site "Kragujevac"]
[Date "2017.05.02"]
[Round "6.4"]
[White "Colovic, Milos"]
[Black "Simic, Vladica"]
[Result "1/2-1/2"]
[WhiteElo "2030"]
[BlackElo "2044"]
[PlyCount "106"]
[EventDate "2017.04.29"]
[EventType "team-swiss"]
[EventRounds "6"]
[EventCountry "SRB"]
[SourceTitle "EXT 2018"]
[Source "ChessBase"]
[SourceDate "2017.10.13"]
[SourceVersion "1"]
[SourceVersionDate "2017.10.13"]
[SourceQuality "1"]
[WhiteTeam "Knic"]
[BlackTeam "Negotin Hemicar"]
[WhiteTeamCountry "SRB"]
[BlackTeamCountry "SRB"]

1. c4 Nf6 2. Nc3 g6 3. e3 Bg7 4. g3 0-0 5. Bg2 c5 6. Nge2 Nc6 7. 0-0 Rb8 8. d4 cxd4 9. exd4 d6 10. b3 Bf5 11. a3 e5 12. d5 Nd4 13. Ra2 Qd7 14. Be3 Nxe2+ 15. Qxe2 b6 16. Bd2 Rfc8 17. a4 a5 18. Nb5 Ne8 19. f3 h5 20. h4 Nc7 21. Nc3 Na6 22. Ne4 Nc5 23. Ra3 Bxe4 24. fxe4 Qg4 25. Qe1 Rf8 26. Kh2 Kh7 27. Be3 Nxe4 28. Bh3 Qxg3+ 29. Qxg3 Nxg3 30. Kxg3 f5 31. Bg5 Bf6 32. Bxf6 Rxf6 33. Ra2 Kg7 34. Rh2 Kf7 35. Kf3 Ke7 36. Rg1 Rh8 37. Rhg2 Kf7 38. Rg5 Re8 39. Ke3 Rb8 40. Rf1 Ke7 41. Rfg1 Kf7 42. Bf1 Re8 43. Be2 Rb8 44. Rb1 Ra8 45. Rgg1 Rh8 46. Bd1 Rh6 47. Rg2 Rh8 48. Rg1 Rh6 49. Rg2 Rh8 50. Rgb2 Rc8 51. Kd3 Rc7 52. Rg2 Rc8 53. Bxh5 gxh5 1/2-1/2

[Event "SRB-chT3 East"]
[Site "Serbia"]
[Date "2015.10.17"]
[Round "10.54"]
[White "Simic, Vladica"]
[Black "Radojkovic, Stefan"]
[Result "1-0"]
[WhiteElo "2094"]
[BlackElo "1786"]
[PlyCount "55"]
[EventDate "2015.09.06"]
[EventType "team-tourn"]
[EventRounds "11"]
[EventCountry "SRB"]
[SourceTitle "EXT 2022"]
[Source "ChessBase"]
[SourceDate "2021.10.06"]
[SourceVersion "1"]
[SourceVersionDate "2021.10.06"]
[SourceQuality "1"]

1. Nf3 Nf6 2. b3 e6 3. g3 b6 4. Bg2 Bb7 5. 0-0 c5 6. Bb2 d5 7. d3 Nbd7 8. Nbd2 Be7 9. c4 d4 10. b4 0-0 11. bxc5 bxc5 12. Qa4 Qc7 13. Rab1 Bc6 14. Qa3 Rab8 15. Bxd4 cxd4 16. Qxe7 Rxb1 17. Rxb1 Qa5 18. a3 e5 19. Qd6 Ba4 20. Qb4 Qa6 21. Ng5 Bc6 22. Qd6 Bb7 23. Qxa6 Bxa6 24. Rb4 Nc5 25. Nde4 Nfd7 26. Nxc5 Nxc5 27. Bd5 Nd7 28. Ra4 1-0

[Event "SRB-chT3 East"]
[Site "Pozarevac"]
[Date "2014.10.05"]
[Round "6.41"]
[White "Kostic, Tomislav"]
[Black "Simic, Vladica"]
[Result "1/2-1/2"]
[WhiteElo "2004"]
[BlackElo "2075"]
[PlyCount "90"]
[EventDate "2014.10.02"]
[EventType "team-swiss"]
[EventRounds "6"]
[EventCountry "SRB"]
[SourceTitle "EXT 2022"]
[Source "ChessBase"]
[SourceDate "2021.10.06"]
[SourceVersion "1"]
[SourceVersionDate "2021.10.06"]
[SourceQuality "1"]

1. e4 c5 2. Nf3 d6 3. d4 cxd4 4. Nxd4 Nf6 5. Nc3 a6 6. h3 e5 7. Nde2 b5 8. g4 Bb7 9. Bg2 b4 10. Nd5 Nxd5 11. exd5 Nd7 12. 0-0 g6 13. Be3 Bg7 14. Qd2 a5 15. a3 bxa3 16. Rxa3 0-0 17. Rfa1 Nb6 18. b3 a4 19. Bxb6 Qxb6 20. Rxa4 Bf6 21. Rxa8 Rxa8 22. Rxa8+ Bxa8 23. Ng3 Bh4 24. Ne4 Kg7 25. g5 Bb7 26. c4 Bc8 27. Qe3 Qd8 28. b4 Bf5 29. c5 Bxe4 30. Qxe4 Bxg5 31. Qc4 Qc7 32. Qb5 Be7 33. Qc6 Qb8 34. Qd7 Kf8 35. cxd6 Qxd6 36. Qc8+ Kg7 37. b5 Bd8 38. Qc4 Bb6 39. Kf1 Qc5 40. Qxc5 Bxc5 41. Ke2 Kf8 42. Kd3 Ke7 43. Ke4 Kd6 44. f4 f5+ 45. Kd3 e4+ 1/2-1/2

[Event "SRB Central-ch op"]
[Site "Pozarevac"]
[Date "2013.02.19"]
[Round "2"]
[White "Simic, Vladica"]
[Black "Ratkovic, Petar"]
[Result "1-0"]
[WhiteElo "2080"]
[BlackElo "1645"]
[PlyCount "77"]
[EventDate "2013.02.18"]
[EventType "swiss"]
[EventRounds "9"]
[EventCountry "SRB"]
[SourceTitle "CBM 153 Extra"]
[Source "ChessBase"]
[SourceDate "2013.04.22"]
[SourceVersion "1"]
[SourceVersionDate "2013.04.22"]
[SourceQuality "1"]

1. e4 c6 2. Nc3 d5 3. Nf3 Bg4 4. h3 Bxf3 5. Qxf3 e6 6. g3 Nf6 7. a3 Be7 8. Bg2 0-0 9. 0-0 Nbd7 10. d3 Rc8 11. Qe2 dxe4 12. dxe4 e5 13. b4 Qc7 14. Be3 a5 15. Rfb1 axb4 16. axb4 Ra8 17. Qc4 Rfc8 18. Rxa8 Rxa8 19. Nd5 Qd6 20. Nxf6+ Nxf6 21. b5 c5 22. Bf3 b6 23. c3 Qd7 24. Kg2 Ra5 25. Bd1 Ne8 26. Bb3 Nd6 27. Qd5 Qxb5 28. Qxe5 Qe8 29. Bd5 Qd8 30. Qf4 Ra3 31. e5 g5 32. Qf3 Nf5 33. Bxf7+ Kxf7 34. Qxf5+ Kg8 35. Qe6+ Kg7 36. Rxb6 Rxc3 37. Rb7 Kf8 38. Bxg5 Rxg3+ 39. fxg3 1-0

[Event "EU-ch 10th"]
[Site "Budva"]
[Date "2009.03.12"]
[Round "7"]
[White "Simic, Vladica"]
[Black "Susak, Zeljko"]
[Result "1-0"]
[WhiteElo "2064"]
[BlackElo "2229"]
[PlyCount "70"]
[EventDate "2009.03.06"]
[EventType "swiss"]
[EventRounds "11"]
[EventCountry "MNE"]
[SourceTitle "CBM 130"]
[Source "ChessBase"]
[SourceDate "2009.05.20"]
[SourceVersion "1"]
[SourceVersionDate "2009.05.20"]
[SourceQuality "1"]

1. c4 Nf6 2. Nf3 e6 3. g3 b6 4. Bg2 Bb7 5. 0-0 Be7 6. Nc3 0-0 7. b3 d5 8. cxd5 exd5 9. d4 Nfd7 10. h4 c6 11. Qc2 h6 12. Bf4 Na6 13. a3 Rc8 14. Rfc1 c5 15. Bh3 cxd4 16. Nxd4 Nac5 17. f3 Bf6 18. e3 Re8 19. b4 Ne6 20. Qd2 Bxd4 21. exd4 a6 22. Nd1 Qf6 23. Bxe6 fxe6 24. Ne3 b5 25. Kg2 Nb6 26. Ng4 Qf8 27. Rc5 Nc4 28. Qd3 Qf5 29. Qxf5 exf5 30. Ne5 Rxc5 31. bxc5 Nxe5 32. Bxe5 Bc6 33. Kf2 Kf7 34. Ke3 Re7 35. Kf4 Ke6 1-0

[Event "EU-ch 10th"]
[Site "Budva"]
[Date "2009.03.09"]
[Round "4"]
[White "Simic, Vladica"]
[Black "Kontic, Djordjije"]
[Result "0-1"]
[WhiteElo "2064"]
[BlackElo "2369"]
[PlyCount "40"]
[EventDate "2009.03.06"]
[EventType "swiss"]
[EventRounds "11"]
[EventCountry "MNE"]
[SourceTitle "CBM 130"]
[Source "ChessBase"]
[SourceDate "2009.05.20"]
[SourceVersion "1"]
[SourceVersionDate "2009.05.20"]
[SourceQuality "1"]

1. c4 e5 2. Nc3 Nc6 3. g3 f5 4. Bg2 Nf6 5. d3 Bb4 6. Bd2 0-0 7. e3 Bxc3 8. Bxc3 d5 9. Ne2 Be6 10. b3 Qe8 11. 0-0 Rd8 12. Qc2 Qh5 13. d4 f4 14. dxe5 Ng4 15. h3 f3 16. hxg4 Bxg4 17. Bh1 fxe2 18. Rfc1 Rxf2 19. Kxf2 e1Q+ 20. Rxe1 Qh2+ 0-1

[Event "SRB Central-ch"]
[Site "Vrnjacka Banja"]
[Date "2007.12.13"]
[Round "5"]
[White "Jokic, Miodrag"]
[Black "Simic, Vladica"]
[Result "0-1"]
[WhiteElo "2174"]
[BlackElo "2082"]
[PlyCount "88"]
[EventDate "2007.12.10"]
[EventType "swiss"]
[EventRounds "9"]
[EventCountry "YUG"]
[SourceTitle "CBM 121 Extra"]
[Source "ChessBase"]
[SourceDate "2008.01.10"]
[SourceVersion "1"]
[SourceVersionDate "2008.01.10"]
[SourceQuality "1"]

1. d4 d5 2. c4 dxc4 3. e3 Nf6 4. Bxc4 Bg4 5. Qb3 e6 6. Qxb7 Nbd7 7. Nc3 Be7 8. Be2 Bf5 9. Bf3 Rb8 10. Qxa7 0-0 11. e4 Bg6 12. Nge2 c5 13. e5 cxd4 14. exf6 Bc5 15. Qa4 dxc3 16. fxg7 Re8 17. bxc3 Nb6 18. Qg4 Qf6 19. 0-0 Nd7 20. Bg5 Qxg7 21. Qh4 Ne5 22. Bf6 Nxf3+ 23. gxf3 Qf8 24. Nd4 Rbc8 25. Rfd1 Be7 26. Nb5 Rc5 27. a4 Rh5 28. Bxe7 Rxe7 29. Qg3 Qh6 30. Rd8+ Kg7 31. Qb8 Rg5+ 32. Kh1 Qh3 33. Rg8+ Kh6 34. Qg3 Rxg3 35. fxg3 Bh5 36. Nd4 e5 37. g4 Bxg4 38. Rxg4 exd4 39. Rg3 Qd7 40. cxd4 Qxd4 41. Rag1 Re5 42. Rg4 Qf2 43. Rf4 f5 44. h3 Re2 0-1